Sports Quiz

Random Sports or Basketball Quiz

March Madness Mediocrity Quiz Stats

Quiz Updated Mar 26, 2017

Challenge
Share
Tweet
Embed
Score 0/33 Timer 06:00
0 Plays Today
# Team % Correct
20Alabama
51.4%
12Texas A&M
49.5%
17Miami (Ohio)
48.7%
13Arizona State
47.4%
13Texas Tech
46.5%
20Tennessee
45.8%
28Brigham Young
45.3%
25Missouri
42.8%
13Ohio
37%
10Clemson
36.9%
18Boston College
34.6%
15New Mexico
33.6%
24Xavier
31.1%
13Vanderbilt
30.8%
20Utah State
25.2%
19Creighton
21.9%
10Montana
18.8%
# Team % Correct
10North Carolina A&T
16.7%
10Colorado State
15.3%
15Tulsa
13.9%
12Davidson
13.6%
11Navy
12.7%
10San Diego State
12.6%
10Southern Illinois
11.6%
11George Washington
11.5%
14UAB
10.3%
15Murray State
8.4%
13Pepperdine
7.8%
12Old Dominion
6.8%
15Weber State
6.2%
11Idaho State
5.3%
10Chattanooga
2%
11Oklahoma City University
1.5%

You're not logged in!

Compare scores with friends on all Sporcle quizzes.
Sign Up with Email
OR
Log In

You Might Also Like...

Show Comments

Extras

Top Quizzes Today


Score Distribution

Your Account Isn't Verified!

In order to create a playlist on Sporcle, you need to verify the email address you used during registration. Go to your Sporcle Settings to finish the process.